000 00776cam a2200241 i 4500
001 000001448
003 DO-SdBNP
005 20250702095208.0
008 751007s1975 ja a b 001 1 eng
020 _a0860081281 :
040 _aDO-SdBNP
_bspa
_cBNPHU
041 1 7 _aeng
_2jpn
082 _bT143h
130 0 _aHeike monogatari. English.
_94806
245 1 4 _aThe tale of the Heike =
_bHeike monogatari /
_ctranslated by Hiroshi Kitagawa, Bruce T. Tsuchida ; with a foreword by Edward Seidensticker.
260 _a[Tokyo] :
_bUniversity of Tokyo Press,
_cc1975.
300 _axli, 807 p. :
_bil. ;
_c23 cm.
500 _aIncluye índice.
504 _aBibliografía: p. 795-796.
590 _aIn English.
600 3 0 _aTaira family
_xFiction.
_94807
942 _2ddc
_cLBS1
999 _c1360
_d1360